Designing Interactive Systems : (Record no. 28316)
[ view plain ]
| 000 -LEADER | |
|---|---|
| fixed length control field | 00881cac a22002171u 4500 |
| 008 - FIXED-LENGTH DATA ELEMENTS--GENERAL INFORMATION | |
| fixed length control field | 081108t2005 xxu||||| |||| 00| 0 eng d |
| 010 ## - | |
| -- | 2004046228 |
| 020 ## - INTERNATIONAL STANDARD BOOK NUMBER | |
| International Standard Book Number | 0321116291 |
| 082 00 - DEWEY DECIMAL CLASSIFICATION NUMBER | |
| Classification number | 004.21 |
| Item number | BEN |
| Edition number | 22 |
| 100 ## - MAIN ENTRY--PERSONAL NAME | |
| Personal name | Benyon, David. |
| 9 (RLIN) | 2725 |
| 245 10 - TITLE STATEMENT | |
| Title | Designing Interactive Systems : |
| Remainder of title | People, Activities, Contexts, Technologies / |
| Statement of responsibility, etc | David Benyon, Phil Turner, and Susan Turner. |
| 260 ## - | |
| -- | Harlow, England : |
| -- | Addison-Wesley, |
| -- | c2005. |
| 300 ## - PHYSICAL DESCRIPTION | |
| Extent | xxxv, 789 p. : |
| Other physical details | col. ill. ; |
| Dimensions | 25 cm. |
| 504 ## - BIBLIOGRAPHY, ETC. NOTE | |
| Linkage | Includes bibliographical references and index. |
| 650 #0 - SUBJECT ADDED ENTRY--TOPICAL TERM | |
| Topical term or geographic name as entry element | Human-computer interaction. |
| 9 (RLIN) | 2726 |
| 650 #0 - SUBJECT ADDED ENTRY--TOPICAL TERM | |
| Topical term or geographic name as entry element | Interactive computer systems. |
| 9 (RLIN) | 2727 |
| 655 ## - INDEX TERM--GENRE/FORM | |
| 9 (RLIN) | 2194 |
| Genre/form data or focus term | Human Computer Interaction- year 2. |
| Form subdivision | |
| General subdivision | Computer Science |
| Chronological subdivision | Semester 2. 2008/2009 |
| 700 1# - ADDED ENTRY--PERSONAL NAME | |
| Personal name | Turner, Phil, |
| 9 (RLIN) | 2728 |
| 700 1# - ADDED ENTRY--PERSONAL NAME | |
| Personal name | Turner, Susan, |
| 9 (RLIN) | 2729 |
| 942 ## - ADDED ENTRY ELEMENTS (KOHA) | |
| Koha item type | Book - Borrowing |
| Call number prefix | 004.21 BEN |
| Source of classification or shelving scheme | Dewey Decimal Classification |
| Withdrawn status | Lost status | Source of classification or shelving scheme | Damaged status | Not for loan | Collection code | Home library | Current library | Shelving location | Date acquired | Source of acquisition | Total Checkouts | Full call number | Barcode | Date last seen | Price effective from | Koha item type |
|---|---|---|---|---|---|---|---|---|---|---|---|---|---|---|---|---|
| Dewey Decimal Classification | Baccah | Central Library | Central Library | Lower Floor | 10/03/2020 | Purchase | 004.21 BEN | 000048974 | 15/07/2025 | 10/03/2020 | Book - Borrowing |